"A Clash of Kings" POV's - Statistics

General Stats
  • This quiz has been taken 35 times
  • The average score is 8 of 10
Answer Stats
Status at the end of the book Character % Correct
Alive; at Harrenhal Princess Arya Stark
97%
Alive; at King's Landing Princess Sansa Stark
97%
Wounded; at King's Landing Tyrion Lannister
97%
Alive; in the Skirling Pass Jon Snow
90%
Alive; at the Dreadfort Prince Theon Greyjoy
90%
Alive; at Winterfell Prince Bran Stark
87%
Alive, at Qarth Princess Daenerys Targaryen
83%
Missing in action; in the Blackwater Rush Ser Davos Seaworth
83%
Alive; at Riverrun Lady Catelyn Tully
67%
Deceased; poisoned at Dragonstone Maester Cressen
57%
No matching quizzes found
Score Distribution
Percent of People with Each Score
Percentile by Number Answered
Your Score History
You have not taken this quiz